000
00263nam a2200109Ia 4500
008
190216s9999||||xx |||||||||||||| ||und||
100
_a
Dakshina Murthy
245
2
_a
A Guide To Letter Writing
260
_b
Merdin Publishers
650
_a
References
942
_c
REF
999
_c
36127
_d
36127